Del tratado colonialista de 1903 a la insurrección patriótica de 1964 /
Uloženo v:
| Hlavní autor: | |
|---|---|
| Médium: | Text |
| Tagy: |
Přidat tag
Žádné tagy, Buďte první, kdo vytvoří štítek k tomuto záznamu!
|
MARC
| LEADER | 00000 a a2200000 04500 | ||
|---|---|---|---|
| 001 | 46219 | ||
| 003 | |||
| 040 | |||
| 100 | |a Avila D., Víctor | ||
| 245 | |a Del tratado colonialista de 1903 a la insurrección patriótica de 1964 / |c Víctor Avila D. | ||
| 773 | |g número54 ( , 1995), páginas 65-78 : fotos | ||
| 999 | |c 38449 |d 38449 | ||
